00289nam a2200121Ia 4500008004100000082001500041100002500056245002600081250000900107260002700116300000800143650001600151191201s2008 xx 000 0 und d a005.8bPFS aPFLEEGER, Charles P. 0aSecurity in Computing aImp. aN.DelhibPearsonc2008 a875 aB.Tech(CSE)